000 01184nam a22002651 4500
001 179941
003 ES-MaACL
005 20250830103045.0
008 120306s1836 sp l |||| | spa d
080 _a342.4(100)(094.5)
245 0 0 _aColección de constituciones en la que van puestas en castellano las de Francia, Bélgica, Portugal, Brasil y Estados-Unidos anglo-americanos con la española de 1812 y su discurso preliminar.
260 _aMadrid :
_b[s.n.],
_c1836 (
_fImp. del Eco del Comercio)
300 _a[4], 266 p. ;
_c19 cm.
530 _aDisponible también en sitio web.
610 2 4 _aFrancia.
_tCharte constitutionnelle, 1830.
_9149513
610 1 7 _aEstados Unidos.
_tConstitution
_2
_9147980
610 1 _aEspaña.
_tConstitución, 1812.
_93652
610 2 4 _aBélgica.
_tConstitution, 1831.
_9149514
610 2 4 _aPortugal.
_tConstituição, 1826.
_9149515
655 7 _2tgfbne
_9226828
_aConstituciones
852 _aES-MaACL
_jD-853
_hLegado Gustavo Saenz Diez
856 _uhttp://bvpb.mcu.es/es/consulta/registro.cmd?id=403643
_yVersión en línea
_zBiblioteca Virtual de Patrimonio Bibliográfico
942 _2udc
999 _c179941
_d179941